First Enar ad hoc expert group on prromoting equality in employment Brussels, 26-27 november 2009 Report

Saved in:
書目詳細資料
企業作者: ENAR (European Network Against Racism)
格式: 圖書
語言:英语
標簽: 添加標簽
沒有標簽, 成為第一個標記此記錄!

MARC

LEADER 00000nam a2200000 4500
005 20240605193519.0
008 240605b |||||||| |||| 00| 0 eng d
040 |c GP 
110 |a ENAR (European Network Against Racism) 
245 |a First Enar ad hoc expert group on prromoting equality in employment  |b Brussels, 26-27 november 2009 Report 
942 |2 ddc  |c BK  |n 0 
952 |0 0  |1 0  |2 ddc  |4 0  |6 331_000000000000000_ENA  |7 1  |9 1374  |a RM  |b RM  |d 2024-06-05  |l 0  |o 331 ENA  |p 212  |r 2024-06-05 19:35:39  |w 2024-06-05  |y BK 
999 |c 1264  |d 1264